| 000 | 01219cam a2200241 4500 | ||
|---|---|---|---|
| 001 | WB3935-04 | ||
| 008 | 030917n2003 000 0 eng u | ||
| 035 | _a(Sirsi) u123646 | ||
| 245 | _aShopping centres market | ||
| 260 | _c2003 | ||
| 490 |
_aRetail Week _v 12 September 2003, 33(1) |
||
| 490 |
_aDonaldsons Press Release _v 5 September 2003 (3) |
||
| 520 | _aVacant space in shopping centres has fallen, although high street space rose by a third, according to Donaldsons' "Shopping centre index 2003". Investors are encouraged by the security of income from shopping centres but there is a low level of investment in improving existing centres. Donaldsons also found that there is a growing perception among retailers that rent at the larger centres is too prohibitive. http://www.donaldsons.co.uk/rcs/Reef/67402/pressoffice_pub/index.xml | ||
| 590 | _aWB | ||
| 650 | _aSHOPPING CENTRES | ||
| 650 | _aDONALDSONS' SHOPPING CENTRE INDEX | ||
| 650 | _aPROPERTY INVESTMENT | ||
| 650 | _aINVESTMENT MARKET | ||
| 650 | _aPROPERTY-COMMERCIAL PROPERTY-RETAIL PROPERTY-RETAIL PROPERTY MARKET | ||
| 650 | _aHIGH STREET SHOPS | ||
| 690 | _aPROPERTY-COMMERCIAL PROPERTY-COMMERCIAL PROPERTY MARKET | ||
| 942 | _n0 | ||
| 999 |
_c73426 _d73426 |
||